| 000 | 00881nam a22003017a 4500 | ||
|---|---|---|---|
| 003 | CHAP | ||
| 005 | 20220329134838.0 | ||
| 008 | 971013s1967 r 00010 d | ||
| 010 | _a26868 | ||
| 011 | _a27840 | ||
| 035 | _a31941 | ||
| 040 | _cCHAP | ||
| 082 |
_a510 _bK3 |
||
| 100 | 0 | 0 |
_aKasner, Edward. _962769 |
| 245 | _aMathematics and the imagination | ||
| 260 |
_aNew York : _bSimon and Schuster, _c1967 |
||
| 300 | _a380 p. | ||
| 590 |
_aBATCH-UPD _b10 _c20130110 _lUCH01 _h0137 |
||
| 590 |
_aBATCH-UPD _b10 _c20130110 _lUCH01 _h1018 |
||
| 590 |
_aBATCH-UPD _b10 _c20130410 _lUCH01 _h0624 |
||
| 590 |
_aBATCH-UPD _b10 _c20130914 _lUCH01 _h1707 |
||
| 590 |
_aCONVERSION _b10 _c20130109 _lUCH01 _h1315 |
||
| 650 | 1 | 4 |
_aMatemáticas. _972901 |
| 700 | 0 |
_aNewman, James Roy. _981087 |
|
| 901 | _aBK | ||
| 942 | _cLIBRO | ||
| 949 |
_a510 K3 _bBC _cLIBRO _d-73992 _eLIBRO _h35688 _i31941 _si |
||
| 999 |
_c26868 _d26868 |
||